Fichajes del Barça después de la última champions - Estadísticas

Estadísticas generales
  • Esta prueba ha sido intentada 139 veces
  • La puntuación promedio es 51 de 114
Estadísticas de respuestas
Año fichaje Club
procedente
Precio Respuesta % Correcto
2025-26 Espanyol 25,0 mill Joan García
97%
2025-26 Manchester United Cesión Marcus Rashford
92%
2024-25 Leipzig 55,0 mill Dani Olmo
91%
2019-20 Ajax 86,0 mill Frenkie de Jong
91%
2019-20 Las Palmas 23,0 mill Pedri
90%
2023-24 Juvenil A del Barça - Lamine Yamal
89%
2021-22 Sevilla Cesión Luuk de Jong
87%
2022-23 Leeds 58,0 mill Raphinha
86%
2022-23 Sevilla 50,0 mill Jules Koundé
85%
2021-22 Manchester city Libre Eric García
84%
2021-22 Manchester city 55,0 mill Ferran Torres
83%
2022-23 Bayern Munich 45,0 mill Robert Lewandowski
83%
2021-22 Juvenil A del Barça - Gavi
81%
2019-20 Atlético de Madrid 120,0 mill Antonie Griezmann
78%
2024-25 Barça B - Gerard Martín
77%
2025-26 Copenhague 2,5 mill Roony Bardghji
77%
2023-24 Athletic club de Bilbao Libre Iñigo Martínez
75%
2023-24 Barça B - Pau Cubarsí
75%
2024-25 Barça B - Marc Bernal
74%
2024-25 Barça B - Marc Casadó
74%
2017-18 Dortmund 148,0 mill Ousmane Dembélé
74%
2022-23 Racing de Santander 6,0 mill Pablo Torre
74%
2024-25 Betis - Vitor Roque
74%
2023-24 Athletico paranaense 30,0 mill Vitor Roque
74%
2022-23 Chelsea Libre Andreas Christensen
72%
2023-24 Manchester city Libre İlkay Gündoğan
72%
2023-24 Girona 3,4 mill Oriol Romeu
70%
2022-23 Barça B - Alejandro Balde
69%
2023-24 Barça B - Fermín López
68%
2023-24 Barça B - Julián Araujo
67%
2021-22 Arsenal Libre Pierre-Emerick Aubameyang
67%
2020-21 Barça B - Ronald Araujo
67%
2017-18 Liverpool 135,0 mill Philippe Coutinho
66%
2023-24 Atlético de Madrid Cesión João Félix
64%
2024-25 Retirado - Wojciech Szczesny
63%
2018-19 Sevilla 35,9 mill Clément Lenglet
60%
2023-24 Manchester City Cesión João Cancelo
60%
2021-22 Wolverhampton Cesión Adama Traoré
59%
2021-22 Lyon Libre Memphis Depay
59%
2016-17 Lyon 25,00 mill Samuel Umtiti
57%
2018-19 Grêmio 31,0 mill Arthur Melo
56%
2024-25 Girona 5,5 mill Pau Víctor
52%
2022-23 Milan Libre Franck Kessié
51%
2021-22 Barça B - Iñaki Peña
51%
2020-21 Barça B - Ansu Fati
48%
2019-20 Basaksehir Fin de cesión Arda Turan
48%
2015-16 Atlético de Madrid 34,0 mill Arda Turan
48%
2018-19 Bayern Munich 18,0 mill Arturo Vidal
48%
2016-17 Valencia 37,0 mill André Gomes
46%
2020-21 Ajax 21,0 mill Sergiño Dest
46%
2024-25 Barça B - Héctor Fort
45%
2019-20 Leganés 18,0 mill Martin Braithwaite
45%
2021-22 Rapid Viena cesión de 500 mil Yusuf Demir
44%
2015-16 Sevilla 17,0 mill Aleix Vidal
43%
2022-23 Chelsea Libre Marcos Alonso
43%
2018-19 GZ Evergrande Fin de cesión Paulinho
43%
2017-18 GZ Evergrande 40,0 mill Paulinho
43%
2021-22 Sin equipo - Dani Alves
42%
2016-17 Villareal 3,25 mill Denis suárez
41%
2015-16 Sevilla Fin de cesión Denis Suárez
41%
2018-19 Burdeos 41,0 mill Malcom
41%
2019-20 Eibar 4,0 mill Marc Cucurella
41%
2018-19 Barça B - Marc Cucurella
41%
2017-18 Benfica 35,70 mill Nélson semedo
41%
2022-23 Arsenal Libre Héctor Bellerín
40%
2019-20 Valencia 26,0 mill Neto
40%
2023-24 Juvenil A del Barça - Marc Guiu
38%
2016-17 Ajax 13,0 mill Jasper Cillessen
36%
2021-22 Betis 14,0 mill Emerson Royal
35%
2018-19 Atletico Mineiro 12,0 mill Emerson Royal
35%
2017-18 Palmeiras 12,40 mill Yerry Mina
35%
2020-21 Benfica Fin de cesión Jean-Clair Todibo
34%
2018-19 Touluse 1,0 mill Jean-Clair Todibo
34%
2016-17 Valencia 30,0 mill Paco Alcácer
34%
2021-22 Manchester city Libre Sergio Agüero
34%
2019-20 Betis 20,0 mill Junior Firpo
33%
2020-21 Barça B - Riqui Puig
33%
2018-19 Sassuolo Cesión de 1,0 mill Kevin-Prince Boateng
32%
2016-17 PSG 16,5 mill Lucas Digne
32%
2021-22 Barça B - Nico González
30%
2024-25 Celtic - Álex Valle
29%
2023-24 Barça B - Álex Valle
29%
2020-21 Braga 30,94 mill FranciscoTrincão
29%
2018-19 Barça B - Carles Aleñà
27%
2021-22 Barça B - Ilaix Moriba
25%
2018-19 Valencia Cesión de 1,2 mill Jeison Murillo
24%
2020-21 Barça B - Óscar Mingueza
24%
2017-18 Everton 12,0 mill Gerard Deulofeu
22%
2025-26 Barça B - Ander Astralaga
21%
2019-20 Palmeiras 7,0 mill Matheus Fernandes
18%
2019-20 Valladolid Fin de cesión Matheus Fernandes
18%
2015-16 Barça B - Munir El Haddadi
18%
2019-20 Barça B - Carles Pérez
17%
2021-22 Barça B - Álex Collado
16%
2019-20 Barça B - Juan Miranda
15%
2015-16 Barça B - Sandro Ramírez
14%
2020-21 PAOK Fin de cesión Moussa Wagué
13%
2019-20 Barça B - Moussa Wagué
13%
2015-16 Inter de Milán Fin de cesión Martín Montoya
12%
2024-25 Barça B - Mikayil Faye
11%
2015-16 Oporto Fin de cesión Cristian Tello
10%
2017-18 Fluminense 5,0 mill Marlon
10%
2022-23 Barça B - Abde Ezzalzouli
9%
2015-16 Barça B - Alen Halilovic
9%
2023-24 Barça B - Estanis Pedrola
9%
2020-21 Barça B - Monchu
9%
2017-18 Las Palmas Fin de cesión Sergi Samper
8%
2016-17 Barça B - Sergi Samper
8%
2023-24 Barça B - Chadi Riad
7%
2018-19 Barça B - Marc Cardona
6%
2021-22 Barça B - Rey Manaj
6%
2018-19 Barça B - Sergi Palencia
5%
2018-19 Barça B - Adrián Ortolà
4%
2020-21 Juventus 60,0 mill Miralem Pijanic
4%
No se encontraron pruebas coincidentes
Distribución de puntuación
Porcentaje de gente con cada puntuación
Porcentaje por número respondido
Historial de tus puntuaciones
No has intentado esta prueba.